| 000 | 02289cam a22004454i 4500 | ||
|---|---|---|---|
| 003 | PE-LiUPU | ||
| 005 | 20250731172747.0 | ||
| 008 | 150617s1989 pe r 000 0 spa d | ||
| 035 | _a(Sirsi) a12288 | ||
| 040 |
_aPE-LiUPU _bspa _cPE-LiUPU _erda |
||
| 049 | _aPRUA | ||
| 082 | 0 | 4 |
_a234.7 _bS79 _221 |
| 100 | 1 |
_aSteinweg, Bruno W., _eautor. |
|
| 245 | 1 | 0 |
_aJustificación, santificación, y la perfección cristiana : _bla Restauración de la Imágen de Dios en el Hombre / _cBruno W. Steinweg. |
| 264 | 1 |
_aLima : _bPublicaciones del CESU, _c1989. |
|
| 300 |
_a44 páginas ; _c27 centímetros |
||
| 336 |
_atext _2rdacontent |
||
| 337 |
_aunmediated _2rdamedia |
||
| 338 |
_avolume _2rdacarrier |
||
| 505 | 0 | _a"Las Santas Escrituras pueden hacerte sabio para la salvación por medio de la fe" -- Justificación, santificación y perfección cristiana -- La santificación y la perfección cristiana en amplia perspectiva -- La fe que obra por el amor y purifica el alma -- La provisión divina para alcanzar la perfección cristiana -- ¿Qué es la perfección cristiana? -- Dios requiere la perfección -- La perfección puede ser alcanzada -- Cristo nuestro modelo -- La perfección se alcanza por esfuerzos perseverantes -- ¿Cómo puede ser alcanzada la perfección cristiana? -- La reforma pró salud y la perfección cristiana -- El estado de Adán -- ¿Habrá quienes alcanzaron la perfección desde el Edén? -- ¿Qué hace la lluvia tardía por los que la reciban? -- Ideas equivocadas de la perfección cristiana. | |
| 526 | _aSEG42 | ||
| 526 | _aSEG41 | ||
| 526 | _aSEG40 | ||
| 526 | _aSEG39 | ||
| 526 | _aP94 | ||
| 526 | _aP87 | ||
| 526 | _aP86 | ||
| 526 | _aP85 | ||
| 526 | _aP77 | ||
| 526 | _aP76 | ||
| 526 | _aP35 | ||
| 650 | 0 | 4 |
_aJustificación. _91184 |
| 910 |
_ajck _bjvq _cjck _d20150616 |
||
| 942 |
_2ddc _cBOOK |
||
| 949 |
_a234.7 S79 _wDEWEY _c1 _i30942 _lCCODEBUL1 _mBUL _p35.00 _r0 _sY _tBOOK _u2015-04-21 _xTEOLOGIA _PP35 _0COMPRA _o.STAFF. Colección Teología |
||
| 994 |
_aC0 _bPEPRU |
||
| 596 | _a1 | ||
| 999 |
_a234.7 S79 _wDEWEY _c2529 _i30942 _d2529 _e2016-6-9 _f2021-11-11 _g5 _lCCODEBUL1 _mBUL _n1 _p35.00 _r0 _sY _tBOOK _u2015-4-21 _xTEOLOGIA _PP35 _0COMPRA _o.STAFF. Colección Teología |
||
| 980 |
_81 _gALBERTO SANCHEZ Responsable de Automatización |
||